[Event "DVM U20 2022"]
[Site "Münster GER"]
[Date "2022.12.29"]
[Round "5"]
[White "Waffenschmidt, Lars"]
[Black "Runte, Moritz"]
[Result "1/2-1/2"]
[Termination "normal"]
[Board "6.1"]
[WhiteTitle "FM"]
[WhiteElo "2287"]
[BlackElo "2187"]
[WhiteClock "00:10:00"]
[BlackClock "00:17:49"]
[WhiteTeam "SK Bebenhausen 1992"]
[BlackTeam "Schachverein Hemer 1932"]
[PlyCount "56"]
[WhiteFideId "16244656"]
[BlackFideId "12991449"]
[EventCountry "GER"]
[EventRounds "7"]
[EventType "team-swiss"]
[EventDate "2022.12.26"]

1. e4 {[%clk 01:30:59]} {[%emt 11:18:22]} e5 {[%clk 01:30:53]} {[%emt
00:00:07]} 2. Nf3 {[%clk 01:31:23]} {[%emt 00:00:06]} Nc6 {[%clk 01:31:18]}
{[%emt 00:00:06]} 3. Bc4 {[%clk 01:31:46]} {[%emt 00:00:06]} Bc5 {[%clk
01:31:42]} {[%emt 00:00:07]} 4. O-O {[%clk 01:32:03]} {[%emt 00:00:12]} Nf6
{[%clk 01:31:44]} {[%emt 00:00:28]} 5. d3 {[%clk 01:32:25]} {[%emt 00:00:08]}
O-O {[%clk 01:32:03]} {[%emt 00:00:11]} 6. h3 {[%clk 01:32:47]} {[%emt
00:00:08]} a6 {[%clk 01:25:34]} {[%emt 00:07:00]} 7. c3 {[%clk 01:32:00]}
{[%emt 00:01:17]} d6 {[%clk 01:24:56]} {[%emt 00:01:08]} 8. a4 {[%clk
01:31:39]} {[%emt 00:00:51]} Ba7 {[%clk 01:22:49]} {[%emt 00:02:36]} 9. Re1
{[%clk 01:31:38]} {[%emt 00:00:30]} h6 {[%clk 01:20:34]} {[%emt 00:02:46]} 10.
Nbd2 {[%clk 01:31:05]} {[%emt 00:01:03]} Re8 {[%clk 01:19:58]} {[%emt
00:01:06]} 11. b4 {[%clk 01:29:53]} {[%emt 00:01:43]} Be6 {[%clk 01:16:31]}
{[%emt 00:03:57]} 12. Qc2 {[%clk 01:27:33]} {[%emt 00:02:50]} Bxc4 {[%clk
01:10:58]} {[%emt 00:06:03]} 13. Nxc4 {[%clk 01:27:47]} {[%emt 00:00:16]} d5
{[%clk 01:10:55]} {[%emt 00:00:33]} 14. Ne3 {[%clk 01:27:19]} {[%emt 00:00:58]}
d4 {[%clk 00:54:08]} {[%emt 00:17:17]} 15. Nf5 {[%clk 01:27:16]} {[%emt
00:00:33]} dxc3 {[%clk 00:53:35]} {[%emt 00:01:02]} 16. Qxc3 {[%clk 01:27:10]}
{[%emt 00:00:36]} a5 {[%clk 00:53:24]} {[%emt 00:00:42]} 17. bxa5 {[%clk
01:16:41]} {[%emt 00:10:59]} Qd7 {[%clk 00:46:42]} {[%emt 00:07:12]} 18. Rb1
{[%clk 01:15:17]} {[%emt 00:01:54]} Bd4 {[%clk 00:41:57]} {[%emt 00:05:14]} 19.
Qd2 {[%clk 01:11:44]} {[%emt 00:04:03]} Re6 {[%clk 00:37:22]} {[%emt 00:05:06]}
20. Rb5 {[%clk 01:04:29]} {[%emt 00:07:45]} b6 {[%clk 00:32:49]} {[%emt
00:05:03]} 21. axb6 {[%clk 00:41:14]} {[%emt 00:23:44]} Bxb6 {[%clk 00:32:54]}
{[%emt 00:00:23]} 22. d4 {[%clk 00:12:58]} {[%emt 00:28:47]} Bxd4 {[%clk
00:27:01]} {[%emt 00:06:23]} 23. a5 {[%clk 00:13:05]} {[%emt 00:00:24]} Ne7
{[%clk 00:25:02]} {[%emt 00:02:29]} 24. Nxe7 {[%clk 00:11:41]} {[%emt
00:01:54]} Rxe7 {[%clk 00:25:19]} {[%emt 00:00:13]} 25. Rb3 {[%clk 00:11:38]}
{[%emt 00:00:33]} Qe6 {[%clk 00:21:33]} {[%emt 00:04:16]} 26. Ra3 {[%clk
00:11:14]} {[%emt 00:00:54]} Qc6 {[%clk 00:19:59]} {[%emt 00:02:04]} 27. Qe2
{[%clk 00:11:12]} {[%emt 00:00:31]} Qc5 {[%clk 00:18:11]} {[%emt 00:02:18]} 28.
a6 {[%clk 00:10:00]} {[%emt 00:01:43]} Re6 {[%clk 00:17:49]} {[%emt 00:00:52]}
1/2-1/2

[Event "DVM U20 2022"]
[Site "Münster GER"]
[Date "2022.12.29"]
[Round "5"]
[White "Leonard, Timo"]
[Black "Honisch, Alexander"]
[Result "1/2-1/2"]
[Termination "normal"]
[Board "6.2"]
[WhiteElo "2174"]
[BlackElo "1988"]
[WhiteClock "00:10:21"]
[BlackClock "00:10:13"]
[WhiteTeam "Schachverein Hemer 1932"]
[BlackTeam "SK Bebenhausen 1992"]
[PlyCount "61"]
[WhiteFideId "16208757"]
[BlackFideId "16298594"]
[EventCountry "GER"]
[EventRounds "7"]
[EventType "team-swiss"]
[EventDate "2022.12.26"]

1. d4 {[%clk 01:30:58]} {[%emt 00:00:01]} Nf6 {[%clk 01:30:50]} {[%emt
00:00:11]} 2. c4 {[%clk 01:31:25]} {[%emt 00:00:03]} g6 {[%clk 01:31:14]}
{[%emt 00:00:06]} 3. Nc3 {[%clk 01:31:52]} {[%emt 00:00:03]} Bg7 {[%clk
01:31:35]} {[%emt 00:00:09]} 4. e4 {[%clk 01:32:17]} {[%emt 00:00:05]} d6
{[%clk 01:31:59]} {[%emt 00:00:06]} 5. Nf3 {[%clk 01:32:45]} {[%emt 00:00:03]}
O-O {[%clk 01:32:20]} {[%emt 00:00:08]} 6. Be2 {[%clk 01:33:13]} {[%emt
00:00:02]} e5 {[%clk 01:32:31]} {[%emt 00:00:19]} 7. Be3 {[%clk 01:33:39]}
{[%emt 00:00:04]} Ng4 {[%clk 01:29:26]} {[%emt 00:03:35]} 8. Bg5 {[%clk
01:33:36]} {[%emt 00:00:34]} f6 {[%clk 01:29:37]} {[%emt 00:00:19]} 9. Bc1
{[%clk 01:34:01]} {[%emt 00:00:04]} Nc6 {[%clk 01:21:32]} {[%emt 00:08:35]} 10.
O-O {[%clk 01:32:27]} {[%emt 00:02:04]} Nh6 {[%clk 01:12:50]} {[%emt 00:09:12]}
11. d5 {[%clk 01:25:40]} {[%emt 00:07:17]} Ne7 {[%clk 01:12:27]} {[%emt
00:00:53]} 12. Nd2 {[%clk 01:20:25]} {[%emt 00:05:45]} c5 {[%clk 01:01:02]}
{[%emt 00:11:55]} 13. dxc6 {[%clk 01:15:43]} {[%emt 00:05:12]} Nxc6 {[%clk
00:56:41]} {[%emt 00:04:50]} 14. Nf3 {[%clk 01:09:08]} {[%emt 00:07:05]} Nf7
{[%clk 00:51:55]} {[%emt 00:05:16]} 15. Rb1 {[%clk 00:56:01]} {[%emt 00:13:37]}
f5 {[%clk 00:47:25]} {[%emt 00:05:00]} 16. b4 {[%clk 00:51:54]} {[%emt
00:04:37]} Nd4 {[%clk 00:39:25]} {[%emt 00:08:31]} 17. Be3 {[%clk 00:40:55]}
{[%emt 00:11:28]} Nxe2 {[%clk 00:37:51]} {[%emt 00:02:04]} 18. Qxe2 {[%clk
00:41:20]} {[%emt 00:00:05]} f4 {[%clk 00:37:56]} {[%emt 00:00:25]} 19. Bc1
{[%clk 00:41:41]} {[%emt 00:00:09]} g5 {[%clk 00:35:22]} {[%emt 00:03:05]} 20.
Rd1 {[%clk 00:37:56]} {[%emt 00:04:15]} g4 {[%clk 00:33:24]} {[%emt 00:02:28]}
21. Ne1 {[%clk 00:37:38]} {[%emt 00:00:48]} Qh4 {[%clk 00:26:28]} {[%emt
00:07:26]} 22. g3 {[%clk 00:33:15]} {[%emt 00:04:53]} Qh5 {[%clk 00:23:37]}
{[%emt 00:03:20]} 23. h4 {[%clk 00:25:22]} {[%emt 00:08:23]} Bf6 {[%clk
00:18:28]} {[%emt 00:05:39]} 24. Nd5 {[%clk 00:24:30]} {[%emt 00:01:22]} Bxh4
{[%clk 00:15:57]} {[%emt 00:03:01]} 25. gxh4 {[%clk 00:24:57]} {[%emt
00:00:03]} Qxh4 {[%clk 00:16:06]} {[%emt 00:00:21]} 26. Ng2 {[%clk 00:24:30]}
{[%emt 00:00:57]} Qh3 {[%clk 00:14:48]} {[%emt 00:01:48]} 27. Ngxf4 {[%clk
00:17:41]} {[%emt 00:07:19]} exf4 {[%clk 00:14:45]} {[%emt 00:00:32]} 28. Bxf4
{[%clk 00:18:03]} {[%emt 00:00:08]} Ne5 {[%clk 00:10:07]} {[%emt 00:05:09]} 29.
Bxe5 {[%clk 00:18:23]} {[%emt 00:00:10]} dxe5 {[%clk 00:10:32]} {[%emt
00:00:05]} 30. Rb3 {[%clk 00:13:42]} {[%emt 00:05:09]} Qh4 {[%clk 00:10:13]}
{[%emt 00:00:50]} 31. Nc7 {[%clk 00:10:21]} {[%emt 00:03:51]} 1/2-1/2

[Event "DVM U20 2022"]
[Site "Münster GER"]
[Date "2022.12.29"]
[Round "5"]
[White "Freiherr von Hauff, Christopher"]
[Black "Trinh, Fabian Dat"]
[Result "1/2-1/2"]
[Termination "normal"]
[Board "6.3"]
[WhiteElo "1852"]
[BlackElo "1852"]
[WhiteClock "00:24:17"]
[BlackClock "00:04:22"]
[WhiteTeam "SK Bebenhausen 1992"]
[BlackTeam "Schachverein Hemer 1932"]
[PlyCount "98"]
[WhiteFideId "16200691"]
[BlackFideId "16243641"]
[EventCountry "GER"]
[EventRounds "7"]
[EventType "team-swiss"]
[EventDate "2022.12.26"]

1. e4 {[%clk 01:30:57]} {[%emt 00:00:02]} e5 {[%clk 01:30:55]} {[%emt
00:00:05]} 2. Nf3 {[%clk 01:31:20]} {[%emt 00:00:07]} Nc6 {[%clk 01:31:17]}
{[%emt 00:00:08]} 3. Bc4 {[%clk 01:31:46]} {[%emt 00:00:04]} Bc5 {[%clk
01:31:03]} {[%emt 00:00:43]} 4. d4 {[%clk 01:31:33]} {[%emt 00:00:42]} Bxd4
{[%clk 01:21:25]} {[%emt 00:10:07]} 5. Nxd4 {[%clk 01:31:44]} {[%emt 00:00:21]}
Nxd4 {[%clk 01:20:59]} {[%emt 00:00:56]} 6. Be3 {[%clk 01:32:09]} {[%emt
00:00:05]} Nc6 {[%clk 01:12:02]} {[%emt 00:09:26]} 7. Qg4 {[%clk 01:27:51]}
{[%emt 00:04:48]} Qf6 {[%clk 01:05:15]} {[%emt 00:07:16]} 8. Nc3 {[%clk
01:19:53]} {[%emt 00:08:29]} Nge7 {[%clk 00:53:40]} {[%emt 00:12:05]} 9. Nb5
{[%clk 01:17:08]} {[%emt 00:03:15]} O-O {[%clk 00:42:24]} {[%emt 00:11:45]} 10.
Qe2 {[%clk 01:13:09]} {[%emt 00:04:29]} a6 {[%clk 00:34:41]} {[%emt 00:08:14]}
11. Nxc7 {[%clk 01:12:46]} {[%emt 00:00:53]} Rb8 {[%clk 00:35:03]} {[%emt
00:00:07]} 12. Nd5 {[%clk 01:06:11]} {[%emt 00:07:05]} Nxd5 {[%clk 00:30:54]}
{[%emt 00:04:40]} 13. Bxd5 {[%clk 01:06:05]} {[%emt 00:00:36]} d6 {[%clk
00:26:21]} {[%emt 00:05:03]} 14. O-O-O {[%clk 00:57:31]} {[%emt 00:09:04]} Ne7
{[%clk 00:20:48]} {[%emt 00:06:03]} 15. Qd2 {[%clk 00:55:43]} {[%emt 00:02:18]}
Nxd5 {[%clk 00:18:59]} {[%emt 00:02:20]} 16. Qxd5 {[%clk 00:56:07]} {[%emt
00:00:06]} Qg6 {[%clk 00:17:23]} {[%emt 00:02:06]} 17. Qxd6 {[%clk 00:53:49]}
{[%emt 00:02:47]} Qxd6 {[%clk 00:17:18]} {[%emt 00:00:36]} 18. Rxd6 {[%clk
00:54:18]} {[%emt 00:00:02]} Be6 {[%clk 00:17:38]} {[%emt 00:00:10]} 19. Rhd1
{[%clk 00:50:06]} {[%emt 00:04:42]} Rfc8 {[%clk 00:14:55]} {[%emt 00:03:13]}
20. Kb1 {[%emt 00:01:08]} h6 {[%clk 00:14:49]} {[%emt 00:00:26]} 21. Bb6 {[%clk
00:44:21]} {[%emt 00:05:46]} Rc4 {[%clk 00:14:03]} {[%emt 00:01:15]} 22. f3
{[%clk 00:43:12]} {[%emt 00:01:40]} Rbc8 {[%clk 00:14:19]} {[%emt 00:00:14]}
23. Rd8 {[%clk 00:41:40]} {[%emt 00:02:01]} Kh7 {[%clk 00:14:06]} {[%emt
00:00:43]} 24. Rxc8 {[%clk 00:41:48]} {[%emt 00:00:22]} Rxc8 {[%clk 00:14:30]}
{[%emt 00:00:07]} 25. b3 {[%clk 00:42:00]} {[%emt 00:00:18]} Rc6 {[%clk
00:14:18]} {[%emt 00:00:41]} 26. Ba7 {[%clk 00:40:08]} {[%emt 00:02:23]} b5
{[%clk 00:13:46]} {[%emt 00:01:02]} 27. Bb8 {[%clk 00:39:49]} {[%emt 00:00:49]}
f6 {[%clk 00:13:54]} {[%emt 00:00:22]} 28. Kb2 {[%clk 00:40:01]} Kg6 {[%clk
00:13:25]} {[%emt 00:01:17]} 29. Rd6 {[%clk 00:35:46]} Rxd6 {[%clk 00:13:44]}
{[%emt 00:04:56]} 30. Bxd6 {[%clk 00:36:14]} Kg5 {[%clk 00:13:44]} 31. Kc3
{[%clk 00:36:14]} h5 {[%clk 00:13:44]} 32. Bf8 {[%clk 00:36:14]} g6 {[%clk
00:13:44]} 33. Be7 {[%clk 00:36:14]} h4 {[%clk 00:13:44]} 34. Kd3 {[%clk
00:36:14]} Kf4 {[%clk 00:13:44]} 35. Bxf6 {[%clk 00:36:14]} h3 {[%clk
00:13:44]} 36. gxh3 {[%clk 00:36:14]} Bxh3 {[%clk 00:13:44]} 37. Ke2 {[%clk
00:36:14]} Bg2 {[%clk 00:13:44]} 38. Kf2 {[%clk 00:36:14]} Bxf3 {[%clk
00:13:44]} 39. Bxe5 {[%clk 00:36:14]} Kxe4 {[%clk 00:13:44]} 40. Bg7 {[%clk
00:36:14]} Bd1 {[%clk 00:13:44]} 41. c4 {[%clk 00:36:14]} bxc4 {[%clk
00:13:44]} 42. bxc4 {[%clk 00:36:14]} Bc2 {[%clk 00:13:44]} 43. Ke1 {[%clk
00:23:28]} {[%emt 00:36:14]} Bd3 {[%clk 00:03:23]} {[%emt 00:00:26]} 44. c5
{[%clk 00:23:49]} {[%emt 00:00:09]} Kd5 {[%clk 00:03:45]} {[%emt 00:00:08]} 45.
Bf8 {[%clk 00:24:00]} {[%emt 00:00:19]} Kc6 {[%clk 00:03:35]} {[%emt 00:00:40]}
46. Kd2 {[%clk 00:24:11]} {[%emt 00:00:20]} Be4 {[%clk 00:03:53]} {[%emt
00:00:11]} 47. Kc3 {[%emt 00:00:27]} Bf3 {[%clk 00:04:04]} {[%emt 00:00:13]}
48. Kd4 {[%clk 00:24:17]} Be2 {[%clk 00:04:04]} 49. Be7 {[%clk 00:24:17]} Bf3
{[%clk 00:04:22]} {[%emt 00:00:34]} 1/2-1/2

[Event "DVM U20 2022"]
[Site "Münster GER"]
[Date "2022.12.29"]
[Round "5"]
[White "Naumenko, Valerija"]
[Black "Kauth, Lukas"]
[Result "1-0"]
[Termination "normal"]
[Board "6.4"]
[WhiteElo "1788"]
[BlackElo "1488"]
[WhiteClock "00:41:12"]
[BlackClock "00:08:36"]
[WhiteTeam "Schachverein Hemer 1932"]
[BlackTeam "SK Bebenhausen 1992"]
[PlyCount "79"]
[WhiteFideId "16222890"]
[BlackFideId "16272994"]
[EventCountry "GER"]
[EventRounds "7"]
[EventType "team-swiss"]
[EventDate "2022.12.26"]

1. e4 {[%clk 01:30:58]} {[%emt 00:00:01]} c6 {[%clk 01:30:50]} {[%emt
00:00:10]} 2. d4 {[%clk 01:31:23]} {[%emt 00:00:05]} d5 {[%clk 01:31:14]}
{[%emt 00:00:07]} 3. exd5 {[%clk 01:31:47]} {[%emt 00:00:06]} cxd5 {[%clk
01:31:39]} {[%emt 00:00:05]} 4. Bd3 {[%clk 01:32:13]} {[%emt 00:00:05]} Nc6
{[%clk 01:31:58]} {[%emt 00:00:10]} 5. c3 {[%clk 01:32:36]} {[%emt 00:00:07]}
Qc7 {[%clk 01:31:41]} {[%emt 00:00:48]} 6. Ne2 {[%clk 01:29:00]} {[%emt
00:04:06]} Bg4 {[%clk 01:30:03]} {[%emt 00:02:08]} 7. f3 {[%clk 01:29:08]}
{[%emt 00:00:22]} Bd7 {[%clk 01:28:59]} {[%emt 00:01:34]} 8. Bf4 {[%clk
01:29:25]} {[%emt 00:00:13]} e5 {[%clk 01:29:19]} {[%emt 00:00:10]} 9. Bg3
{[%clk 01:23:16]} {[%emt 00:06:39]} Bd6 {[%clk 01:28:38]} {[%emt 00:01:10]} 10.
Bb5 {[%clk 01:21:02]} {[%emt 00:02:44]} Nge7 {[%clk 01:25:11]} {[%emt
00:03:57]} 11. Bxc6 {[%clk 01:19:16]} {[%emt 00:02:16]} bxc6 {[%clk 01:24:48]}
{[%emt 00:00:52]} 12. dxe5 {[%clk 01:18:54]} {[%emt 00:00:52]} Bxe5 {[%clk
01:25:05]} {[%emt 00:00:13]} 13. Bxe5 {[%clk 01:19:20]} {[%emt 00:00:05]} Qxe5
{[%clk 01:25:29]} {[%emt 00:00:05]} 14. O-O {[%clk 01:19:29]} {[%emt 00:00:21]}
O-O {[%emt 00:00:51]} 15. Nd2 {[%clk 01:18:29]} {[%emt 00:01:03]} c5 {[%clk
01:20:58]} {[%emt 00:05:07]} 16. Nb3 {[%clk 01:17:12]} {[%emt 00:01:47]} Rfd8
{[%clk 01:20:23]} {[%emt 00:01:05]} 17. Qd2 {[%clk 01:12:59]} {[%emt 00:04:44]}
Rac8 {[%clk 01:18:47]} {[%emt 00:02:05]} 18. Nf4 {[%clk 01:10:57]} {[%emt
00:02:33]} Ba4 {[%clk 01:16:15]} {[%emt 00:03:01]} 19. Rae1 {[%clk 01:01:45]}
{[%emt 00:09:42]} Qc7 {[%clk 01:15:21]} {[%emt 00:01:22]} 20. Nc1 {[%clk
01:02:03]} {[%emt 00:00:15]} d4 {[%clk 01:00:00]} {[%emt 00:15:49]} 21. c4
{[%clk 01:01:28]} {[%emt 00:01:07]} Re8 {[%clk 00:55:00]} {[%emt 00:05:29]} 22.
Ncd3 {[%clk 01:00:32]} {[%emt 00:01:26]} Rcd8 {[%clk 00:52:31]} {[%emt
00:02:59]} 23. Re5 {[%clk 00:55:13]} {[%emt 00:05:50]} f6 {[%clk 00:09:57]}
{[%emt 00:43:04]} 24. Rxc5 {[%clk 00:53:19]} {[%emt 00:02:24]} Qb6 {[%clk
00:08:36]} {[%emt 00:01:51]} 25. b4 {[%clk 00:46:26]} {[%emt 00:07:23]} g5
{[%clk 00:08:37]} {[%emt 00:00:29]} 26. Nh5 {[%clk 00:45:57]} {[%emt 00:00:59]}
Rc8 {[%clk 00:08:00]} {[%emt 00:01:07]} 27. Re1 {[%clk 00:40:26]} {[%emt
00:06:00]} Rxc5 {[%clk 00:05:40]} {[%emt 00:02:51]} 28. Nxc5 {[%clk 00:39:54]}
{[%emt 00:01:02]} Bc6 {[%clk 00:05:41]} {[%emt 00:00:27]} 29. Nxf6 {[%clk
00:40:12]} {[%emt 00:00:14]} Kf7 {[%clk 00:06:07]} {[%emt 00:00:04]} 30. Nxe8
{[%clk 00:40:28]} {[%emt 00:00:14]} Kxe8 {[%clk 00:06:35]} {[%emt 00:00:03]}
31. Qxd4 {[%clk 00:40:35]} {[%emt 00:00:23]} Qxb4 {[%clk 00:06:07]} {[%emt
00:00:58]} 32. Qe5 {[%clk 00:40:16]} {[%emt 00:00:49]} Be4 {[%clk 00:06:22]}
{[%emt 00:00:16]} 33. Rxe4 {[%clk 00:39:55]} {[%emt 00:00:51]} Qb1 {[%clk
00:06:28]} {[%emt 00:00:23]} 34. Re1 {[%clk 00:40:18]} {[%emt 00:00:06]} Qxe1
{[%clk 00:06:43]} {[%emt 00:00:16]} 35. Qxe1 {[%clk 00:40:42]} {[%emt
00:00:06]} g4 {[%clk 00:07:11]} {[%emt 00:00:02]} 36. Qe6 {[%clk 00:40:19]}
{[%emt 00:00:53]} gxf3 {[%clk 00:07:36]} {[%emt 00:00:05]} 37. Nb7 {[%clk
00:40:31]} {[%emt 00:00:17]} f2 {[%clk 00:07:55]} {[%emt 00:00:12]} 38. Kxf2
{[%clk 00:40:56]} {[%emt 00:00:06]} h5 {[%clk 00:08:10]} {[%emt 00:00:15]} 39.
Nd6 {[%clk 00:41:12]} {[%emt 00:00:13]} Kf8 {[%clk 00:08:36]} {[%emt 00:00:04]}
40. Qf7# {[%emt 00:00:11]} 1-0

[Event "DVM U20 2022"]
[Site "Münster GER"]
[Date "2022.12.29"]
[Round "5"]
[White "Giannakoglou, Alexandros"]
[Black "Poggemann, Alexander"]
[Result "0-1"]
[Termination "normal"]
[Board "6.5"]
[WhiteElo "1353"]
[BlackElo "1717"]
[WhiteClock "00:17:40"]
[BlackClock "00:04:10"]
[WhiteTeam "SK Bebenhausen 1992"]
[BlackTeam "Schachverein Hemer 1932"]
[PlyCount "84"]
[WhiteFideId "4288580"]
[BlackFideId "16224167"]
[EventCountry "GER"]
[EventRounds "7"]
[EventType "team-swiss"]
[EventDate "2022.12.26"]

1. c4 {[%clk 01:30:55]} {[%emt 00:00:03]} Nf6 {[%clk 01:30:45]} {[%emt
00:00:15]} 2. Nc3 {[%clk 01:30:48]} {[%emt 00:00:38]} g6 {[%clk 01:31:00]}
{[%emt 00:00:15]} 3. g3 {[%clk 01:29:53]} {[%emt 00:01:25]} d5 {[%clk
01:31:05]} {[%emt 00:00:26]} 4. cxd5 {[%clk 01:29:37]} {[%emt 00:00:47]} Nxd5
{[%clk 01:31:23]} {[%emt 00:00:11]} 5. Bg2 {[%clk 01:29:38]} {[%emt 00:00:29]}
Nxc3 {[%clk 01:31:43]} {[%emt 00:00:10]} 6. bxc3 {[%clk 01:29:55]} {[%emt
00:00:14]} Bg7 {[%clk 01:32:05]} {[%emt 00:00:07]} 7. Nf3 {[%clk 01:29:17]}
{[%emt 00:01:07]} O-O {[%clk 01:32:04]} {[%emt 00:00:32]} 8. O-O {[%clk
01:29:15]} {[%emt 00:00:32]} c5 {[%clk 01:32:18]} {[%emt 00:00:15]} 9. d4
{[%clk 01:20:31]} {[%emt 00:09:14]} cxd4 {[%clk 01:25:52]} {[%emt 00:06:56]}
10. cxd4 {[%clk 01:20:44]} {[%emt 00:00:17]} Nc6 {[%clk 01:25:09]} {[%emt
00:01:13]} 11. e3 {[%clk 01:19:22]} {[%emt 00:01:52]} Be6 {[%clk 01:18:15]}
{[%emt 00:07:22]} 12. Rb1 {[%clk 01:13:44]} {[%emt 00:06:09]} Rb8 {[%clk
00:45:13]} {[%emt 00:33:32]} 13. a3 {[%clk 00:57:37]} {[%emt 00:16:38]} Qa5
{[%clk 00:31:29]} {[%emt 00:14:14]} 14. Qd2 {[%clk 00:49:08]} {[%emt 00:08:55]}
Rfc8 {[%clk 00:28:46]} {[%emt 00:03:16]} 15. Qxa5 {[%clk 00:47:45]} {[%emt
00:01:54]} Nxa5 {[%clk 00:29:11]} {[%emt 00:00:05]} 16. Bd2 {[%clk 00:42:36]}
{[%emt 00:05:39]} Nc4 {[%clk 00:26:07]} {[%emt 00:03:34]} 17. Bb4 {[%clk
00:41:41]} {[%emt 00:01:24]} Kf8 {[%clk 00:23:08]} {[%emt 00:03:31]} 18. Nd2
{[%clk 00:36:23]} {[%emt 00:05:46]} a5 {[%clk 00:21:35]} {[%emt 00:02:05]} 19.
Bc3 {[%clk 00:28:09]} {[%emt 00:08:43]} Nxa3 {[%clk 00:19:24]} {[%emt
00:02:41]} 20. Bxa5 {[%clk 00:24:54]} {[%emt 00:03:46]} Nxb1 {[%clk 00:19:39]}
{[%emt 00:00:15]} 21. Rxb1 {[%clk 00:25:15]} {[%emt 00:00:08]} b5 {[%clk
00:17:30]} {[%emt 00:02:39]} 22. Nb3 {[%clk 00:21:46]} {[%emt 00:04:00]} Rc2
{[%clk 00:10:21]} {[%emt 00:07:40]} 23. Nc5 {[%clk 00:21:04]} {[%emt 00:01:12]}
Ba2 {[%clk 00:08:51]} {[%emt 00:01:59]} 24. Ra1 {[%clk 00:18:18]} {[%emt
00:03:16]} Rxc5 {[%clk 00:08:53]} {[%emt 00:00:28]} 25. Rxa2 {[%clk 00:18:21]}
{[%emt 00:00:27]} Rc1 {[%clk 00:09:12]} {[%emt 00:00:10]} 26. Bf1 {[%clk
00:18:40]} {[%emt 00:00:11]} f5 {[%clk 00:07:10]} {[%emt 00:02:32]} 27. Kg2
{[%clk 00:18:27]} {[%emt 00:00:42]} b4 {[%clk 00:06:13]} {[%emt 00:01:27]} 28.
Rb2 {[%clk 00:18:00]} {[%emt 00:00:57]} b3 {[%clk 00:05:45]} {[%emt 00:00:59]}
29. Bd3 {[%clk 00:17:18]} {[%emt 00:01:11]} e5 {[%clk 00:02:51]} {[%emt
00:03:25]} 30. Bc7 {[%clk 00:16:41]} {[%emt 00:01:06]} Rxc7 {[%clk 00:03:03]}
{[%emt 00:00:18]} 31. dxe5 {[%clk 00:16:54]} {[%emt 00:00:17]} Bxe5 {[%clk
00:03:22]} {[%emt 00:00:11]} 32. Rb1 {[%clk 00:17:05]} {[%emt 00:00:19]} b2
{[%clk 00:03:39]} {[%emt 00:00:13]} 33. f4 {[%clk 00:16:50]} {[%emt 00:00:45]}
Bg7 {[%clk 00:03:43]} {[%emt 00:00:25]} 34. Kf3 {[%clk 00:16:40]} {[%emt
00:00:40]} Rb3 {[%clk 00:03:37]} {[%emt 00:00:36]} 35. Be2 {[%clk 00:16:51]}
{[%emt 00:00:20]} Rc1 {[%clk 00:03:44]} {[%emt 00:00:23]} 36. Bc4 {[%clk
00:16:21]} {[%emt 00:01:01]} Rxb1 {[%clk 00:03:57]} {[%emt 00:00:16]} 37. Bxb3
{[%emt 00:00:13]} Rf1 {[%clk 00:04:17]} {[%emt 00:00:07]} 38. Kg2 {[%clk
00:16:56]} {[%emt 00:00:14]} b1=Q {[%emt 00:00:14]} 39. Kh3 {[%emt 00:00:13]}
Rf2 {[%clk 00:03:21]} {[%emt 00:00:58]} 40. Bd5 {[%clk 00:17:00]} {[%emt
00:00:26]} Qf1 {[%clk 00:03:36]} {[%emt 00:00:15]} 41. Bg2 {[%clk 00:17:17]}
{[%emt 00:00:14]} Qxg2 {[%clk 00:03:55]} {[%emt 00:00:11]} 42. Kh4 {[%clk
00:17:40]} {[%emt 00:00:04]} Bf6# {[%clk 00:04:10]} {[%emt 00:00:10]} 0-1